|
|
|
|
| LEADER |
00000nam0a2200000 4500 |
| 001 |
25789 |
| 005 |
20231030201114.0 |
| 010 |
|
|
|a 5932080310
|
| 035 |
|
|
|a (RuTPU)RU\TPU\book\26026
|
| 090 |
|
|
|a 25789
|
| 100 |
|
|
|a 20011209d2001 m y0rusy50 ca
|
| 101 |
0 |
|
|a rus
|
| 102 |
|
|
|a RU
|
| 105 |
|
|
|a a j 000zy
|
| 200 |
1 |
|
|a Волновые процессы. Основные законы
|e учебное пособие
|f И. Е. Иродов
|
| 210 |
|
|
|a Москва
|c Лаборатория Базовых Знаний
|d 2001
|
| 215 |
|
|
|a 256 с.
|c ил.
|
| 451 |
|
1 |
|0 (RuTPU)RU\TPU\book\65508
|y 5-93208-108-2
|t Волновые процессы: основные законы
|o учебное пособие
|f И. Е. Иродов
|e 2-е изд., доп.
|c М.
|n Лаборатория Базовых Знаний
|d 2002
|p 264 с.
|a Иродов, Игорь Евгеньевич
|
| 451 |
|
1 |
|0 (RuTPU)RU\TPU\book\13601
|y 5-932080-310
|t Волновые процессы. Основные законы
|o учебное пособие
|f И. Е. Иродов
|c М.
|n Лаборатория Базовых Знаний
|d 1999
|p 256 с.
|a Иродов, Игорь Евгеньевич
|
| 610 |
1 |
|
|a волны
|
| 610 |
1 |
|
|a физика
|
| 610 |
1 |
|
|a упругие волны
|
| 610 |
1 |
|
|a электромагнитные волны
|
| 610 |
1 |
|
|a свет
|
| 610 |
1 |
|
|a поляризация
|
| 610 |
1 |
|
|a дифракция
|
| 610 |
1 |
|
|a интерференция
|
| 610 |
1 |
|
|a волновая оптика
|
| 610 |
1 |
|
|a законы
|
| 610 |
1 |
|
|a задачи
|
| 610 |
1 |
|
|a учебные пособия
|
| 675 |
|
|
|a 535.12(075.8)
|v 3
|
| 700 |
|
1 |
|a Иродов
|b И. Е.
|g Игорь Евгеньевич
|
| 801 |
|
0 |
|a RU
|b 63413507
|c 20011209
|g PSBO
|
| 801 |
|
2 |
|a RU
|b 63413507
|c 20150416
|g PSBO
|
| 900 |
|
|
|a Основы оптики
|
| 942 |
|
|
|c BK
|